Hinduism, theosophy, and the Bhagavad Gita within a global religious history of the nineteenth century
Saved in:
| Main Author: | |
|---|---|
| Format: | Chapter/Article |
| Language: | English |
| Published: |
November 2020
|
| In: |
Theosophy across boundaries
Year: 2020, Pages: 65-107 |
| Online Access: |
|
| Author Notes: | Michael Bergunder |
MARC
| LEADER | 00000caa a2200000 c 4500 | ||
|---|---|---|---|
| 001 | 175146170X | ||
| 003 | DE-627 | ||
| 005 | 20220819135512.0 | ||
| 007 | tu | ||
| 008 | 210316s2020 xx ||||| 00| ||eng c | ||
| 035 | |a (DE-627)175146170X | ||
| 035 | |a (DE-599)KXP175146170X | ||
| 035 | |a (OCoLC)1341398857 | ||
| 040 | |a DE-627 |b ger |c DE-627 |e rda | ||
| 041 | |a eng | ||
| 084 | |a 12 |2 sdnb | ||
| 084 | |a 0 |2 ssgn | ||
| 100 | 1 | |a Bergunder, Michael |d 1966- |e VerfasserIn |0 (DE-588)120758989 |0 (DE-627)080871887 |0 (DE-576)292371624 |4 aut | |
| 245 | 1 | 0 | |a Hinduism, theosophy, and the Bhagavad Gita within a global religious history of the nineteenth century |c Michael Bergunder |
| 264 | 1 | |c November 2020 | |
| 300 | |a 43 | ||
| 336 | |a Text |b txt |2 rdacontent | ||
| 337 | |a ohne Hilfsmittel zu benutzen |b n |2 rdamedia | ||
| 338 | |a Band |b nc |2 rdacarrier | ||
| 773 | 0 | 8 | |i Enthalten in |t Theosophy across boundaries |d Albany : SUNY Press, 2020 |g (2020), Seite 65-107 |h xi, 471 Seiten |w (DE-627)1697264514 |z 9781438480411 |z 9781438480428 |7 nnam |a Hinduism, theosophy, and the Bhagavad Gita within a global religious history of the nineteenth century |
| 773 | 1 | 8 | |g year:2020 |g pages:65-107 |g extent:43 |a Hinduism, theosophy, and the Bhagavad Gita within a global religious history of the nineteenth century |
| 776 | 0 | 8 | |i Erscheint auch als |n Online-Ausgabe |a Bergunder, Michael, 1966 - |t Hinduism, theosophy, and the Bhagavad Gita within a global religious history of the nineteenth century |d 2020 |w (DE-627)1751461173 |
| 951 | |a AR | ||
| 992 | |a 20210316 | ||
| 993 | |a BookComponentPart | ||
| 998 | |g 120758989 |a Bergunder, Michael |m 120758989:Bergunder, Michael |d 10000 |d 10200 |e 10000PB120758989 |e 10200PB120758989 |k 0/10000/ |k 1/10000/10200/ |p 1 |x j |y j | ||
| 999 | |a KXP-PPN175146170X |e 3889236170 | ||
| BIB | |a Y | ||
| JSO | |a {"id":{"eki":["175146170X"]},"relHost":[{"person":[{"display":"Krämer, Hans Martin","given":"Hans Martin","role":"edt","family":"Krämer"},{"given":"Julian","role":"edt","family":"Strube","display":"Strube, Julian"}],"origin":[{"publisher":"SUNY Press","dateIssuedDisp":"[2020]","publisherPlace":"Albany","dateIssuedKey":"2020"}],"language":["eng"],"disp":"Hinduism, theosophy, and the Bhagavad Gita within a global religious history of the nineteenth centuryTheosophy across boundaries","note":["Includes bibliographical references and index"],"title":[{"subtitle":"transcultural and interdisciplinary perspectives on a modern esoteric movement","title":"Theosophy across boundaries","title_sort":"Theosophy across boundaries"}],"id":{"isbn":["9781438480411","9781438480428"],"eki":["1697264514"]},"part":{"year":"2020","pages":"65-107","text":"(2020), Seite 65-107","extent":"43"},"physDesc":[{"extent":"xi, 471 Seiten","noteIll":"Illustrationen"}],"recId":"1697264514","name":{"displayForm":["edited by Hans Martin Krämer and Julian Strube"]},"type":{"bibl":"edited-book"}}],"title":[{"title":"Hinduism, theosophy, and the Bhagavad Gita within a global religious history of the nineteenth century","title_sort":"Hinduism, theosophy, and the Bhagavad Gita within a global religious history of the nineteenth century"}],"physDesc":[{"extent":"43 S."}],"recId":"175146170X","person":[{"role":"aut","family":"Bergunder","given":"Michael","display":"Bergunder, Michael"}],"type":{"bibl":"chapter"},"language":["eng"],"origin":[{"dateIssuedDisp":"November 2020","dateIssuedKey":"2020"}],"name":{"displayForm":["Michael Bergunder"]}} | ||
| SRT | |a BERGUNDERMHINDUISMTH2020 | ||